| Tag |
First Indicator |
Second Indicator |
Subfields |
| LEADER |
00000cam a2200000 4500 |
| 001 |
in00000037633 |
| 005 |
20151007080526.0 |
| 008 |
800424s1920 nyu 00010 eng |
| 010 |
|
|
|a 20010306
|
| 035 |
|
|
|a (OCoLC)06238948
|
| 035 |
|
|
|9 AAF4960AM
|
| 040 |
|
|
|a DLC
|c TXA
|d UtOrBLW
|
| 049 |
|
|
|a TXAM
|c [73538]
|
| 050 |
|
0 |
|a PZ3.L5784
|b Ne
|
| 092 |
|
|
|a 296
|b L6654n
|
| 100 |
1 |
|
|a Levinger, Elma Ehrlich,
|d 1887-1958.
|
| 245 |
1 |
4 |
|a The new land :
|b stories of Jews who had a part in the making of our country /
|c by Elma Ehrlich Levinger ...
|
| 264 |
|
1 |
|a New York :
|b Bloch publishing company,
|c 1920.
|
| 300 |
|
|
|a 175 pages ;
|c 19 cm.
|
| 336 |
|
|
|a text
|b txt
|2 rdacontent
|
| 337 |
|
|
|a unmediated
|b n
|2 rdamedia
|
| 338 |
|
|
|a volume
|b nc
|2 rdacarrier
|
| 500 |
|
|
|a Reprinted in part from the Hebrew standard and the Jewish child.
|
| 505 |
0 |
|
|a In the night watches.--When Katrina lost her way.--A place of refuge.--"Down with King George."--The last service.--The generous giver.--Across the waters.--Three at grace.--The lucky stone.--The princess of Philadelphia.--A present for Mr. Lincoln.--The land Columbus found.
|
| 650 |
|
0 |
|a Jews
|z United States.
|
| 999 |
|
|
|a MARS
|
| 999 |
f |
f |
|s c88debcf-d67a-30df-9f2e-b7d0200d6752
|i 613b90ea-56b6-3c11-be61-ea6feb47fe2d
|t 0
|
| 952 |
f |
f |
|p ric
|a Texas A&M University
|b Rellis Campus
|c Joint Library Facility
|d Remote Storage
|t 0
|e PZ3.L5784 Ne
|h Library of Congress classification
|i unmediated -- volume
|m A14800629835
|
| 998 |
f |
f |
|a PZ3.L5784 Ne
|t 0
|l Remote Storage
|